Phân tích hiệu quả các mô hình sản xuất lúa ở thành phố Cần Thơ : Luận văn Thạc sĩ kinh tế chuyên ngành Kinh tế nông nghiệp
Đề tài phân tích thực trạng và hiệu quả tài chính sản xuất của ba mô hình: 1 vụ lúa-2 vụ màu, 2 vụ lúa-1 vụ màu và 3 vụ lúa. Đồng thời, phân tích những yếu tố ảnh hưởng đến hiệu quả tài chính của 3 mo hình sản xuất lúa. Từ đó, đề xuấ...
Bewaard in:
| Hoofdauteur: | |
|---|---|
| Formaat: | Boek |
| Taal: | Undetermined |
| Gepubliceerd in: |
Cần Thơ
Trường Đại học Cần Thơ
2011
|
| Onderwerpen: | |
| Tags: |
Voeg label toe
Geen labels, Wees de eerste die dit record labelt!
|
| Thư viện lưu trữ: | Trung tâm Học liệu Trường Đại học Cần Thơ |
|---|
| LEADER | 01341nam a2200229Ia 4500 | ||
|---|---|---|---|
| 001 | CTU_170988 | ||
| 008 | 210402s9999 xx 000 0 und d | ||
| 082 | |a 338.16 | ||
| 082 | |b H121 | ||
| 088 | |a 60620115 | ||
| 100 | |a Trần, Kim Hân | ||
| 245 | 0 | |a Phân tích hiệu quả các mô hình sản xuất lúa ở thành phố Cần Thơ : | |
| 245 | 0 | |b Luận văn Thạc sĩ kinh tế chuyên ngành Kinh tế nông nghiệp | |
| 245 | 0 | |c Trần Kim Hân ; Mai Văn Nam (Hướng dẫn khoa học) | |
| 260 | |a Cần Thơ | ||
| 260 | |b Trường Đại học Cần Thơ | ||
| 260 | |c 2011 | ||
| 520 | |a Đề tài phân tích thực trạng và hiệu quả tài chính sản xuất của ba mô hình: 1 vụ lúa-2 vụ màu, 2 vụ lúa-1 vụ màu và 3 vụ lúa. Đồng thời, phân tích những yếu tố ảnh hưởng đến hiệu quả tài chính của 3 mo hình sản xuất lúa. Từ đó, đề xuất các giải pháp nhằm nâng cao hiệu quả tài chính các mô hình sản xuất lúa | ||
| 650 | |a Nông nghiệp,Agriculture | ||
| 650 | |x Khía cạnh kinh tế,Economic aspects | ||
| 904 | |i Tuyền, Hải | ||
| 980 | |a Trung tâm Học liệu Trường Đại học Cần Thơ | ||